00772naa a22001817i 45000010005000000030009000050050017000140080041000310400026000720410008000981000116001062450154002226500014003766500017003907730155004079420013005629990015005759261KOSZ 00520180322091905.0160308s2008 ||||| ||||0|| 0 pol  cKOSZ 005/EGaKOSZ 0050 apol1 aSKRZYPNIAK, Ryszard.d1996 - .bPolitechnika Koszalińska - Wydział Mechaniczny,cKatedra Nauk Pedagogicznych10aWartości młodzieży akademickiej w dobie globalizacji i unifikacji oraz ich wpływ na przemiany tożsamości społecznej /cRyszard Skrzypniak. 0aEdukacja. 0aMłodzież.0 iW:tEdukacja wobec tożsamości społecznej / pod red. Elżbiety Gaweł-Luty i Jerzego Kojkoła. -dGdańsk : Wydaw. Harmonia, 2008. -gs. 417-429 cROZ2UKD c9261d9261